000 00765nam a2200193Ia 4500
001 6426
003 GE_BSU
008 181216s||||||||xx |||||||||||||| ||und||
040 _cGE_BSU
080 _a621.396(076)
245 _aლაბორატორიული სამუშაოები თბოფიკაციისა და თბური ქსელების კურსში.
245 _cშემდგ.:გ.ლეჟავა, გ.ხარაბაძე, თ.ლომთაძე. რედ. მ.ძიძიგური.
260 _aთბ.
260 _bსპი.
260 _c1979.
300 _a96გვ; 20სმ.
653 _aმაძლიერებელი მოწყობილობები.
942 _cBK
999 _c39821
_d39821